000 00402pam a2200157a 44500
008 230405s2022 xxu||||| |||| 00| 0 eng d
020 _a9789354655098
_cRs.595
082 _a301
_bTYA
100 _aTyagi,Shiv Shankar
245 _aApplied Sociology & Psychology for Nurses
260 _aNew Delhi
_bJaypee Pub
_c2022
300 _a392 p.
502 _atext
700 _aTyagi,P.
906 _a004603
999 _c252850
_d252850